000 004100000a22001690004500
003 MACL
005 20151230133253.0
008 151230b xxu||||| |||| 00| 0 eng d
040 _aMACL
_cMACL
041 _aEnglish
082 _a320/GAN
100 _aGandhi, M K
_98264
245 _aSatyagraha
260 _bNavajivan Publishing House
_c1951
650 _aPolitical Science
_988
942 _cBK
_k320/GAN
_2ddc
999 _c35411
_d35411